Quiz sul Myanmar - Statistics

Statistiche generali
  • Questo quiz è stato fatto 496 volte
    492 dall'ultimo reset
  • Il punteggio medio è 14 su 22
Statistiche sulle risposte
Clue Risposta % Corretto
Nome alternativo per il Myanmar Birmania
98%
Paese confinante India
95%
Paese confinante Cina
94%
Paese confinante Laos
94%
Paese confinante Thailandia
93%
Paese europeo che colonizzò il Myanmar Regno Unito
91%
Paese confinante Bangladesh
90%
Religione dominante Buddismo
90%
Paese che lo ha invaso nel 1942 Giappone
80%
Religione professata dal gruppo etnico perseguitato dei Rohingya Islam
76%
Capitale del Myanmar Naypyidaw
67%
Il Myanmar si trova in questa baia oceanica Golfo del {Bengala}
66%
Il Myanmar è uno dei tre paesi a
non utilizzare ufficialmente questo sistema
(gli altri sono Stati Uniti e Liberia)
Sistema Metrico
59%
Questa era conosciuta fino a qualche anno fa con questo nome Rangoon
50%
La città più popolosa ed ex capitale Yangon
48%
Parola che descrive alcuni tipi di templi in molti paesi asiatici compreso il Myanmar Pagoda
43%
Confina anche con questo mare Mare delle {Andamane}
41%
Parola che si riferisce a una cricca militare come quella che ha governato il Myanmar dal 1988 al 2011 J{unta}
36%
Leader politico, premio Nobel per la pace, che è stata agliarresti domiciliari per 20 anni {Aung} San Suu Kyi
34%
Seconda città più popolosa Mandalay
34%
Il fiume principale del Myanmar Irrawaddy
25%
Segretario generale delle Nazioni Unite, 1961-1971 U {Thant}
23%
Nessun quiz corrispondente trovato
Distribuzione punteggi
Percentuale di utenti per punteggio
Percentile per numero di risposta
I tuoi punteggi nel tempo
Non hai fatto questo quiz dall'ultimo reset